000 nam a22 7a 4500
999 _c10474
_d10474
008 180217b ||||| |||| 00| 0 eng d
100 _aNair,G.
_94748
245 _aThe Blue Planets Environmental Studies
260 _aNew Delhi
_bRoshan Lal
_c2013